Vista normal Vista MARC

Entrada Materia (personas)

Número de registros utilizados en: 1

001 - CONTROL NUMBER

  • control field: 79105

003 - CONTROL NUMBER IDENTIFIER

  • control field: Co-BoUCM

005 - DATE AND TIME OF LATEST TRANSACTION

  • control field: 20160824112241.0

008 - FIXED-LENGTH DATA ELEMENTS

  • fixed length control field: 160824|| aca||aabn | a|a d

040 ## - CATALOGING SOURCE

  • Original cataloging agency: Co-BoUCM
  • Transcribing agency: Co-BoUCM

100 ## - HEADING--PERSONAL NAME

  • Personal name: McDonnell, Rachael

670 ## - SOURCE DATA FOUND

  • Source citation: Work cat.: (Co-BoUCM)303930: Burrough, P. A. 79104, Principles of geographical information systems, 2015